Quizz - Noms des présidents américains - Statistiques

Statistiques générales
  • Ce quiz a été pris 68 fois
  • Le résultat moyen est 7 sur 15
Statistiques - réponses
Hint Réponse % Correct
A le nom d'une ville et d'un état des États-Unis. George Washington
95%
A le nom d'une famille d'artistes dont l'un des membres fut nommé "le roi de la pop". Andrew Jackson
73%
A le même nom qu'un gros matou orange qui ne pense qu'à manger, dormir, embêter son maître Jon. James A. Garfield
69%
A le nom d'une actrice mythique des années 50/60. James Monroe
69%
A le même nom qu'une marque de voitures dont la Mustang est un modèle mythique. Gerald Ford
63%
A le même nom qu'un membre du groupe "The Beatles". William Henry Harrison
47%
A le même nom que la traduction d'"aspirateur" en français. Herbert Hoover
42%
A le même nom qu'une marque de voitures dont la Continental fut un modèle. Abraham Lincoln
40%
A le même nom que le prénom d'un acteur ayant interprété James Bond. Franklin Pierce
40%
A le même nom qu'un joueur de basket-ball des années 80/90 des Los Angeles Lakers. Andrew Johnson
37%
A le nom d'une danse en ligne. James Madison
35%
A le même nom que la traduction française du mot "arbuste". George W. Bush
34%
A le même nom qu'un équipementier sportif américain notamment dans le tennis. Woodrow Wilson
29%
A le même nom qu'une ville de l'Ohio. Grover Cleveland
26%
A le même nom qu'un joueur de basket-ball qui fut vendeur pour la marque "Converse". Zachary Taylor
10%
Aucun quiz correspondant
Distribution des résultats
% des personnes avec chaque résultat
Percentile par nombre de réponses
Votre historique - résultats
Vous n’avez pas pris ce quiz